000 01082 a2200229 4500
001 45877
005 20260407155731.0
008 260407a2003 arg spa d
003 AR-UNSa-BCEJYS
040 _aAR-UNSa-BCEJYS
_bspa
_cAR-UNSa-BCEJYS
080 _a369.5
_xSeguro de vejez (de jubilación)
245 1 0 _aProtección social, pensiones y género
_pen Argentina, Brasil y Chile
020 _a92-2-313562-1
264 1 _aSantiago :
_bOficina Internacional del Trabajo
_c2003
300 _a225 p.
_c23 cm.
505 _a1. Protección Social, pensiones y género / Fabio M. Bertranou – 2. Protección social, jubilaciones, pensiones y género en Argentina / Rafael Rofman, Carlos Grushka – 3. Protección social, jubilaciones, pensiones y género en Brasil / Enid Rocha da Silva, Helmut Schwarzer – 4. Protección social, jubilaciones, pensiones y género en Chile / Alberto Arenas de Mesa, Pamela Gana Cornejo -
041 _aspa
942 _cBK
590 _aniveau_biblio:m niveau_hierar:0
100 1 _aArenas de Mesa, Alberto
700 1 _aBertranou, Fabio M.
999 _c4045
_d4045